Señorita sálvese quien pueda / (Registro nro. 2508)
[ vista simple ]
| 000 -CABECERA | |
|---|---|
| Longitud fija campo de control | 00939nam a2200277 a 4500 |
| 003 - • IDENTIFICADOR DELl NÚMERO DE CONTROL | |
| Identificador del número de control | CO-ViMGA |
| 008 - • CÓDIGOS DE INFORMACIÓN DE LONGITUD FIJA | |
| Códigos de información de longitud fija | 141112s2004 ck r 000 u spa d |
| 020 ## - • NÚMERO INTERNACIONAL NORMALIZADO PARA LIBROS | |
| Número Internacional Normalizado para Libros (ISBN) | 9789588787084 |
| 040 ## - FUENTE DE LA CATALOGACIÓN | |
| Centro catalogador de origen | CO-ViMGA |
| Lengua de catalogación | spa |
| Centro transcriptor | CO-ViMGA |
| 041 ## - • CÓDIGO DE LENGUA | |
| Código de lengua del texto/banda sonora o título independiente | SPA |
| 100 1# - • PUNTO DE ACCESO PRINCIPAL-NOMBRE DE PERSONA | |
| Nombre de persona | Corentin, Philippe, 1936 - |
| 245 10 - • TITULO PROPIAMENTE DICHO | |
| Título | Señorita sálvese quien pueda / |
| Mención de responsabilidad, etc. | Texto e ilustraciones de Phlippe Corentin ; Traducción Julia Vinent |
| 250 ## - • MENCIÓN DE EDICIÓN | |
| Mención de edición | 1a ed. |
| 300 ## - • DESCRIPCIÓN FÍSICA | |
| Extensión | 26 p. : il. col. : il. |
| 500 ## - • NOTA GENERAL | |
| Nota general | Título original : Mademoiselle sauve - qui - peut |
| 650 14 - • PUNTO DE ACCESO ADICIONAL DE MATERIA - TÉRMINO DE MATERIA | |
| Término de materia o nombre geográfico como elemento inicial | . |
| 650 14 - • PUNTO DE ACCESO ADICIONAL DE MATERIA - TÉRMINO DE MATERIA | |
| Término de materia o nombre geográfico como elemento inicial | LIBROS DE IMAGENES |
| 650 14 - • PUNTO DE ACCESO ADICIONAL DE MATERIA - TÉRMINO DE MATERIA | |
| Término de materia o nombre geográfico como elemento inicial | LOBOS - LIBROS DE IMAGENES |
| 650 14 - • PUNTO DE ACCESO ADICIONAL DE MATERIA - TÉRMINO DE MATERIA | |
| Término de materia o nombre geográfico como elemento inicial | Niñas traviesas - libros de imagenes VÉASE TRAVESURAS - LIBROS DE IMAGENES |
| 700 1# - • PUNTO DE ACCESO ADICIONAL - NOMBRE DE PERSONA | |
| Nombre de persona | Corentin, Philippe, 1936 - |
| 700 1# - • PUNTO DE ACCESO ADICIONAL - NOMBRE DE PERSONA | |
| Nombre de persona | Vinent, Julia |
| 942 ## - ENTRADA DE ELEMENTOS AGREGADOS (KOHA) | |
| Fuente de clasificaión o esquema | Dewey Decimal Classification |
| Koha [por defecto] tipo de item | LIbro |
| Perdido | Fuente de clasificación o esquema | Estado Físico | No para préstamo | Forma de adquisición | Localización permanente | Localización actual | Localización en estanterías | Fecha adquisición | Préstamos totales | Signatura completa | Código de barras | Fecha última consulta | Número de copia | Fecha del precio de reemplazo | Tipo de item de Koha | Serie de enumeración / cronolog&íacute;a | Note pública |
|---|---|---|---|---|---|---|---|---|---|---|---|---|---|---|---|---|---|
| Dewey Decimal Classification | Infantil | Biblioteca Pública Dorado | Biblioteca Pública Dorado | Sala Infantil | 02/15/2024 | A COR4 | DOR00758 | 02/15/2024 | Ej.1 | 02/15/2024 | LIbro | ||||||
| Dewey Decimal Classification | Infantil | Biblioteca Pública Fuentedeoro - Henry Llanos García | Biblioteca Pública Fuentedeoro - Henry Llanos García | Sala Infantil | 07/25/2025 | A COR4 | Fo2375 | 07/25/2025 | Ej.1 | 07/25/2025 | Libro Infantil | ||||||
| Dewey Decimal Classification | Infantil | Biblioteca Pública José Eustasio Rivera - San Martin | Biblioteca Pública José Eustasio Rivera - San Martin | Sala Infantil | 03/04/2023 | A COR4 | SM00456 | 03/04/2023 | Ej.1 | 03/04/2023 | Libro Infantil | ||||||
| Dewey Decimal Classification | Infantil | Biblioteca Pública Puerto López - Jorge Eliecer Gaitán | Biblioteca Pública Puerto López - Jorge Eliecer Gaitán | Sala Infantil | 05/29/2023 | AC OR4 | PLZ01156 | 05/29/2023 | Ej.1 | 05/29/2023 | Libro Infantil | ||||||
| Colección Sala Infantil de Literatura Pocatil y Tilín | Biblioteca Pública Departamental Eduardo Carranza - Villavicencio | Biblioteca Pública Departamental Eduardo Carranza - Villavicencio | Sala Infantil | 02/28/2013 | C COR4 | ECA21908 | 11/26/2024 | Ej.1 | 11/26/2024 | LIbro | 16365 | 21152 | ||||||
| Dewey Decimal Classification | Sala Infantil Segundo Piso | Biblioteca Pública Germán Arciniegas - Villavicencio | Biblioteca Pública Germán Arciniegas - Villavicencio | 12/04/2015 | A COR4 | 25778 | 12/04/2015 | Ej. 1 | 12/04/2015 | LIbro | 16/abr/2013 | ||||||
| Dewey Decimal Classification | Infantil | Biblioteca Pública Guamal | Biblioteca Pública Guamal | Sala Infantil | 02/16/2023 | A COR4 | GUA001372 | 02/16/2023 | Ej.1 | 02/16/2023 | Libro Infantil | ||||||
| Dewey Decimal Classification | Infantil | Biblioteca Pública Mesetas - Franco lodo Poloxi | Biblioteca Pública Mesetas - Franco lodo Poloxi | Sala Infantil | 07/30/2025 | A COR4 | ME02184 | 07/30/2025 | Ej.1 | 07/30/2025 | LIbro | ||||||
| Dewey Decimal Classification | Infantil | Biblioteca Pública San Juanito - Ernesto Maria Peña Romero | Biblioteca Pública San Juanito - Ernesto Maria Peña Romero | Sala Infantil | 01/17/2024 | A COR4 | SJU00062 | 01/17/2024 | Ej.1 | 01/17/2024 | LIbro |